000 00384nam a2200145Ia 4500
008 231129s2018||||xx |||||||||||||| ||spa||
020 _a978-958-5496-23-1
040 _bspa
082 _aCo863 B717do
100 _aBonnett Piedad
245 0 _aDonde nadie me espere
260 _c2018
264 _aBogotá Colombia : Alfaguara
942 _2ddc
_cBKS
999 _c9784
_d9784